| 000 | 00875cab a2200241 4500 | ||
|---|---|---|---|
| 001 | WB2803-24 | ||
| 008 | 090401t1992 xxu||||| |||| 00| 0 eng d | ||
| 035 | _a(Sirsi) u7407 | ||
| 041 | _aeng | ||
| 245 | _aHome rescue schemes falter | ||
| 260 | _c1992 | ||
| 350 | _a0 | ||
| 490 |
_aFinancial Times _v14 January 1992, 1 |
||
| 490 |
_aIndependent _v14 January 1992, 5 |
||
| 520 | _aThe Government`s mortgage rescue package is being held up by negotiations between lenders and housing associations. The main sticking point is the rate of interest that building societies will charge the associations for loans to buy properties from borrowers who are in arrears. | ||
| 650 | _aBUILDING SOCIETIES | ||
| 650 | _aHOUSING ASSOCIATIONS | ||
| 650 | _aMORTGAGE RESCUE SCHEMES | ||
| 650 | _aREPOSSESSIONS | ||
| 690 | _aHOUSING-FINANCE | ||
| 942 | _n0 | ||
| 948 | _c04/03/1997 | ||
| 999 |
_c4475 _d4475 |
||